Detalles MARC
| 000 -CABECERA |
| Campo de control |
01952nmm a22004217a 4500 |
| 005 - FECHA Y HORA DE LA ULTIMA TRANSACCION |
| Campo de control |
20131127110843.0 |
| 008 - ELEMENTOS DE LONGITUD FIJA—INFORMACION GENERAL |
| Campo de control |
131127b2012 ck ||||| |||| 00| 0 spa d |
| 041 ## - IDIOMA |
| Código de idioma para texto/pista de sonido o título separado |
Español |
| 044 ## - PAÍS DE PUBLICACIÓN |
| País de publicación |
Colombia |
| 090 ## - CLASIFICACIÓN LOCAL |
| Colección |
LB |
| Consecutivo |
05785 |
| 110 ## - ASIENTO PRINCIPAL--NOMBRE CORPORATIVO |
| Nombre corporativo o de jurisdicción como elemento de entrada |
Corporación autónoma regional de Cundinamarca-CAR |
| 245 ## - MENCION DE TITULO |
| Título |
Capacitaciones 2011-2012 : |
| Parte restante del título |
Oficina Gestión de Talento Humano |
| 260 ## - PUBLICACION, DISTRIBUCION, ETC. (PIE DE IMPRENTA) |
| Lugar de publicación, distribución, etc. |
Bogotá |
| Nombre del editor, distribuidor, etc. |
CAR |
| -- |
Universidad Distrital Francisco José de Caldas |
| Fecha de publicación, distribución, etc. |
2012 |
| 300 ## - DESCRIPCION FISICA |
| Extensión |
21 p., |
| Dimensiones |
13 cm |
| 650 ## - ASIENTO SECUNDARIO DE MATERIA - TERMINO TEMATICO |
| Término temático o nombre geográfico como elemento de entrada |
Administración adecuada del tiempo |
| 650 ## - ASIENTO SECUNDARIO DE MATERIA - TERMINO TEMATICO |
| Término temático o nombre geográfico como elemento de entrada |
Metodología para la ejecución de visitas |
| 650 ## - ASIENTO SECUNDARIO DE MATERIA - TERMINO TEMATICO |
| Término temático o nombre geográfico como elemento de entrada |
Manejo de excel avanzado |
| 650 ## - ASIENTO SECUNDARIO DE MATERIA - TERMINO TEMATICO |
| Término temático o nombre geográfico como elemento de entrada |
Programa en coaching |
| 650 ## - ASIENTO SECUNDARIO DE MATERIA - TERMINO TEMATICO |
| Término temático o nombre geográfico como elemento de entrada |
Atención al usuario y manejo de conflictos |
| 650 ## - ASIENTO SECUNDARIO DE MATERIA - TERMINO TEMATICO |
| Término temático o nombre geográfico como elemento de entrada |
Diplomado derecho ambiental y minero : |
| Subdivisión de forma |
Ayudas Audiovisuales |
| 650 ## - ASIENTO SECUNDARIO DE MATERIA - TERMINO TEMATICO |
| Término temático o nombre geográfico como elemento de entrada |
Memorias diplomado : |
| Subdivisión de forma |
Análisis de amenazas y gestión |
| 650 ## - ASIENTO SECUNDARIO DE MATERIA - TERMINO TEMATICO |
| Término temático o nombre geográfico como elemento de entrada |
Diplomado en Gestión de la calidad del aire |
| 650 ## - ASIENTO SECUNDARIO DE MATERIA - TERMINO TEMATICO |
| Término temático o nombre geográfico como elemento de entrada |
Nuevo estatuto de anticorrupción |
| 650 ## - ASIENTO SECUNDARIO DE MATERIA - TERMINO TEMATICO |
| Término temático o nombre geográfico como elemento de entrada |
Curso : |
| Subdivisión de forma |
Introducción a los sistemas de información geográficas |
| 650 ## - ASIENTO SECUNDARIO DE MATERIA - TERMINO TEMATICO |
| Término temático o nombre geográfico como elemento de entrada |
Programa Balanced Score Card |
| 650 ## - ASIENTO SECUNDARIO DE MATERIA - TERMINO TEMATICO |
| Término temático o nombre geográfico como elemento de entrada |
Taxonomía e identificación de madera |
| 650 ## - ASIENTO SECUNDARIO DE MATERIA - TERMINO TEMATICO |
| Término temático o nombre geográfico como elemento de entrada |
Valoración económica ambiental |
| 650 ## - ASIENTO SECUNDARIO DE MATERIA - TERMINO TEMATICO |
| Término temático o nombre geográfico como elemento de entrada |
Atención y prevención de desastres con énfasis en deslizamientos |
| 650 ## - ASIENTO SECUNDARIO DE MATERIA - TERMINO TEMATICO |
| Término temático o nombre geográfico como elemento de entrada |
Seminario Fortalecimiento, desempeño y habilidades gerenciales |
| Subdivisión de forma |
CAR |
| 650 ## - ASIENTO SECUNDARIO DE MATERIA - TERMINO TEMATICO |
| Término temático o nombre geográfico como elemento de entrada |
Avalúos especiales |
| Subdivisión de forma |
Nivel básico IGAC |
| 650 ## - ASIENTO SECUNDARIO DE MATERIA - TERMINO TEMATICO |
| Término temático o nombre geográfico como elemento de entrada |
Consolidado : |
| Subdivisión de forma |
Memorias formulación de proyectos |
| 650 ## - ASIENTO SECUNDARIO DE MATERIA - TERMINO TEMATICO |
| Término temático o nombre geográfico como elemento de entrada |
Curso metodología para la ejecución de visitas |
| 650 ## - ASIENTO SECUNDARIO DE MATERIA - TERMINO TEMATICO |
| Término temático o nombre geográfico como elemento de entrada |
Diplomado : |
| Subdivisión de forma |
Respel CAR |
| 650 ## - ASIENTO SECUNDARIO DE MATERIA - TERMINO TEMATICO |
| Término temático o nombre geográfico como elemento de entrada |
Jornada de actualización : |
| Subdivisión de forma |
Contratación estatal |
| 650 ## - ASIENTO SECUNDARIO DE MATERIA - TERMINO TEMATICO |
| Término temático o nombre geográfico como elemento de entrada |
Metodología general ajustada : |
| Subdivisión de forma |
MGA |
| 650 ## - ASIENTO SECUNDARIO DE MATERIA - TERMINO TEMATICO |
| Término temático o nombre geográfico como elemento de entrada |
Participación Ciudadana y Educacion Ambiental |
| 942 ## - ELEMENTOS ADICIONALES (KOHA) |
| Sistema de clasificación |
Local |
| Tipo de ítem |
CD-ROM |